| 000 -LEADER |
| fixed length control field |
01493cam a2200337 a 4500 |
| 001 - CONTROL NUMBER |
| control field |
12501787 |
| 005 - DATE AND TIME OF LATEST TRANSACTION |
| control field |
20170211123325.0 |
| 008 - FIXED-LENGTH DATA ELEMENTS--GENERAL INFORMATION |
| fixed length control field |
010814s2002 caua 000 0beng |
| 010 ## - LIBRARY OF CONGRESS CONTROL NUMBER |
| LC control number |
2001005019 |
| 020 ## - INTERNATIONAL STANDARD BOOK NUMBER |
| International Standard Book Number |
0520208323 |
| 043 ## - GEOGRAPHIC AREA CODE |
| Geographic area code |
a-cc--- |
| 050 00 - LIBRARY OF CONGRESS CALL NUMBER |
| Classification number |
ND104 9.F45B37 2002 |
| 100 1# - MAIN ENTRY--PERSONAL NAME |
| Personal name |
Barmé, Geremie. |
| 245 13 - TITLE STATEMENT |
| Title |
An artistic exile : |
| Remainder of title |
a life of Feng Zikai (1898-1975) / |
| Statement of responsibility, etc. |
Geremie R. Barmé. |
| 246 30 - VARYING FORM OF TITLE |
| Title proper/short title |
Life of Feng Zikai (1898-1975) |
| 260 ## - PUBLICATION, DISTRIBUTION, ETC. (IMPRINT) |
| Place of publication, distribution, etc. |
Berkeley : |
| Name of publisher, distributor, etc. |
University of California Press, |
| Date of publication, distribution, etc. |
c2002. |
| 300 ## - PHYSICAL DESCRIPTION |
| Extent |
xi, 471 p. : |
| Other physical details |
ill. ; |
| Dimensions |
23 cm. |
| 500 ## - GENERAL NOTE |
| General note |
"A Philip E. Lilienthal book"--First prelim. p. |
| 504 ## - BIBLIOGRAPHY, ETC. NOTE |
| Bibliography, etc |
Includes bibliographical references (p. 433-459) and index. |
| 600 10 - SUBJECT ADDED ENTRY--PERSONAL NAME |
| Personal name |
Feng, Zikai, |
| Dates associated with a name |
1898-1975. |
| 650 #0 - SUBJECT ADDED ENTRY--TOPICAL TERM |
| Topical term or geographic name as entry element |
Painters |
| Geographic subdivision |
China |
| Form subdivision |
Biography. |
| 856 42 - ELECTRONIC LOCATION AND ACCESS |
| Materials specified |
Contributor biographical information |
| Uniform Resource Identifier |
<a href="http://www.loc.gov/catdir/bios/ucal051/2001005019.html">http://www.loc.gov/catdir/bios/ucal051/2001005019.html</a> |
| 856 42 - ELECTRONIC LOCATION AND ACCESS |
| Materials specified |
Publisher description |
| Uniform Resource Identifier |
<a href="http://www.loc.gov/catdir/description/ucal042/2001005019.html">http://www.loc.gov/catdir/description/ucal042/2001005019.html</a> |
| 856 41 - ELECTRONIC LOCATION AND ACCESS |
| Materials specified |
Table of contents |
| Uniform Resource Identifier |
<a href="http://www.loc.gov/catdir/toc/fy037/2001005019.html">http://www.loc.gov/catdir/toc/fy037/2001005019.html</a> |
| 942 ## - ADDED ENTRY ELEMENTS (KOHA) |
| Source of classification or shelving scheme |
|
| Koha item type |
Hard Covered Materials |